[Event "email B-116 FICGS (Sternik,R)"]
[Site "?"]
[Date "2009.??.??"]
[Round "?"]
[White "Spyros, Lois GRE"]
[Black "Sternik, Ryszard POL"]
[Result "1/2-1/2"]
[WhiteElo "1765"]
[BlackElo "1817"]
[PlyCount "78"]

1. e4 e6 2. d4 d5 3. Nc3 Nf6 4. Bg5 Bb4 5. e5 h6 6. Bd2 ({grywa sie tez} 6.
exf6 hxg5 7. fxg7 Rg8 8. h4 gxh4 9. Qg4 Qf6 10. Rxh4 Qxg7 11. Qxg7 Rxg7 12.
Rh8+ {i dalej} Bf8 ({albo tez} 12... Kd7 13. O-O-O Nc6 14. g3 b6 15. Nxd5 Bb7
16. Rxa8 Bxa8 17. Nxb4 Nxb4 18. d5 exd5 19. a3 Nc6 20. Rxd5+ Ke7 21. Bh3 f6 {
Laursen,B-Larsen,H, corr ch Dania 1988 (1:0-45)}) 13. O-O-O Bd7 14. Re1 Nc6 15.
Nxd5 O-O-O 16. Nf6 Rg6 17. Nxd7 Kxd7 18. Nf3 Bh6+ 19. Rxh6 Rxh6 20. Bb5 f6 21.
Bxc6+ bxc6 22. Re3 Rb8 23. g4 Rh1+ 24. Ng1 Rg8 25. f3 Re8 26. Kd2 c5 27. dxc5
Kc6 28. Ne2 Rhh8 29. c4 a5 {
remis - Rodrigues,AM-Sternik,R, corr m Portugalia-Polska 1988}) 6... Bxc3 7.
Bxc3 Ne4 8. Qg4 O-O (8... g6 9. Bd3 Nxc3 10. bxc3 c5 11. Nf3 Bd7 12. h4 Nc6 13.
Rh3 Qe7 14. a3 O-O-O 15. Qf4 Rdf8 16. Qe3 b6 17. Bb5 Na5 18. Bd3 Kc7 19. Nd2 g5
20. h5 f5 {Malaszenko,A-Meleszko,T, Rosja ch tt k 2004 (1:0-29)}) (8... Kf8 $5
9. Bd3 Nxc3 10. bxc3 c5 11. h4 Qa5 12. Kd2 Nc6 13. Nf3 cxd4 14. Nxd4 Nxe5 $17
15. Qg3 $1 Nxd3 16. Qd6+ $1 Ke8 17. cxd3 Bd7 18. Rhe1 Rc8 19. Rac1 $1 Qc5 $1 {
Seybold,M-Keres,P, corr Deutsche Schachzeitung-1 1933 (0:1-39)}) 9. Bd3 (9. Bb4
c5 10. Bxc5 Nxc5 11. dxc5 b6 12. Nf3 bxc5 13. c3 Nc6 14. Bb5 Bd7 15. Bxc6 Bxc6
16. O-O Rb8 17. b3 Qa5 18. Rfc1 Rb6 19. Ne1 Bb5 20. Qg3 Rfb8 21. Nc2 R6b7 22.
a4 Be2 {Aarefjord,C-De Graaf,JE, corr ch tt q20 sz.1 2002 (remis-40)}) 9...
Nxc3 10. bxc3 c5 11. dxc5 Qc7 12. Nf3 Nd7 13. O-O (13. Qd4 Nxc5 14. O-O b6 15.
a4 Bb7 16. Qe3 f5 $11) 13... Nxe5 14. Nxe5 Qxe5 15. Qd4 Qc7 16. Rab1 (16. c4 e5
17. Qxd5 Rd8 18. Qe4 f5 19. Qe3 e4 20. Be2 Bd7 21. f4 Ba4 $11) 16... Bd7 17.
Rfe1 (17. c4 {aby wymienic slabego piona} dxc4 18. Qxc4 Bc6 19. Rfe1 Rac8 20.
Qb4 Rfd8 $15 {0.63}) 17... Bc6 18. f4 Rae8 ({albo} 18... Rfe8 19. Re3 Re7 20.
Rg3 e5 21. fxe5 Rxe5 $11) 19. Re3 Re7 20. Rbe1 Rfe8 21. a3 Kh8 22. R3e2 Qa5 23.
Qb4 Qd8 24. Qd4 {Grek dobrze sie broni} b5 25. Qe5 $6 (25. cxb6 Qxb6 26. Re3
Rc7 27. f5 Bd7 28. Kh1 Qxd4 29. cxd4 $11) 25... Qc7 26. f5 $6 (26. Qd4 a6 27.
Re3 Bb7 28. Kf1 Qc6 29. Rf3 $15) 26... Qxe5 27. Rxe5 Kg8 28. Kf2 a6 $17 {0.91}
29. Ke3 f6 30. Rxe6 Rxe6+ 31. fxe6 Rxe6+ 32. Kd2 Rxe1 {slabo} ({lepsze} 32...
Re5 33. Be2 Re4 34. Bf3 Rxe1 35. Kxe1 Kf7 36. Bg4 Kg6 $17 {
z szansami na wygrana. Warto bylo dluzej pomyslec.}) 33. Kxe1 Kf7 34. Bf5 g6 ({
albo} 34... h5 35. g3 Bb7 36. Bd7 Ke7 37. Bf5 Bc6 38. Ke2 {i co dalej?} Bd7 39.
Bg6 h4 40. gxh4 Ke6 41. Kf3 Ke5 {i jest wygrana?}) 35. Bc8 a5 36. Kd2 f5 37.
Kd3 Kf6 38. Kd4 g5 39. g3 h5 {i przewaga prysnela jak banka mydlana.  Wyniki: 
1-2. Spyros,L, Sternik,R po 5,5  3.Andersson,L                      4} 1/2-1/2

[Event "email B-117 FICGS (Sternik,R)"]
[Site "?"]
[Date "2009.??.??"]
[Round "?"]
[White "Spyros, Lois GRE"]
[Black "Sternik, Ryszard POL"]
[Result "1/2-1/2"]
[WhiteElo "1857"]
[BlackElo "1760"]
[PlyCount "82"]

1. e4 e5 2. Nf3 Nc6 3. Bb5 a6 4. Ba4 Nf6 5. O-O Be7 6. Re1 b5 7. Bb3 d6 8. c3
O-O 9. h3 Bb7 (9... Nd7 10. d4 Nb6 $1 11. Nbd2 Bf6 12. Nf1 Re8 13. Ng3 g6 14.
Bh6 Na5 15. Bc2 c5 16. d5 Bd7 17. Qd2 Qe7 18. Rf1 Bg7 19. Bxg7 Kxg7 20. Nh2 Qh4
$1 21. b3 Qf4 22. Qe1 Qg5 {Adams,M-Spasski,B, Cannes 1989 (0:1-47)}) 10. d4 Re8
11. Nbd2 Bf8 12. a4 h6 13. axb5 (13. Bc2 exd4 14. cxd4 Nb4 15. Bb1 Qd7 $6 {
dla mnie ten ruch wyglada nielogicznie, gdyz zabiera pole Skoczkowi, a ponadto
w tym cebiucie czarny Hetman powinien znajdowac sie na jednym z 4-ch pol: b6,
c7, e7 lub f6. Ale logika w szachach ma coraz mnie do powiedzenia -Filipowicz,A
} 16. b3 $1 {wtajemniczeni twierdza, ze to nowosc. Dziwne, bo wyglada bardzo
naturalnie, ale Kamski zamyslil sie na 28 minut - Filipowicz,A} g6 17. Bb2 $1
$146 Bg7 18. Qc1 $1 Rac8 19. Bc3 c5 20. d5 Qe7 21. Nf1 Nh7 $2 (21... Nd7 $1 22.
Bxg7 Kxg7 23. Re3 h5 {z idea Se5 - Anand,V}) 22. Bxg7 Kxg7 23. Ne3 $1 h5 {
Anand,V-Kamski,G, Las Palmas (m/9) 1995 (1:0-50)}) 13... axb5 14. Rxa8 Qxa8 15.
d5 Na5 (15... Nd8 16. Nh2 c6 17. dxc6 Bxc6 18. Ng4 Be7 19. Nxf6+ Bxf6 20. Qf3
Ne6 21. Nf1 b4 22. Bxh6 Nc5 23. Bc2 b3 24. Bb1 Qa1 {
Paavilainen,J-Solozenkin,J, JSM JyvTS-TuTS 1992 (0:1-33)}) 16. Bc2 c6 (16...
Nc4 17. Nxc4 bxc4 18. Qe2 Qa2 19. Nd2 Ba6 20. Qd1 Bb5 21. b3 cxb3 22. Bxb3 Qa6
23. Bb2 c5 24. Qf3 c4 25. Ra1 Qb6 26. Ba2 Rc8 27. Nf1 Ba4 {
Kleberger,L-Wokurka,W, corr ch H1887 1988 (1:0-39)}) 17. b4 Nc4 (17... cxd5 18.
bxa5 dxe4 19. Nh2 Qxa5 $14 {0.50}) 18. Nxc4 bxc4 19. Ba4 cxd5 {poswiecenie
jakosci dla przewagi w centrum, ta rownowaga mnie przeszkadza, probuja cos
zrobic} 20. Bxe8 Qxe8 21. exd5 Nxd5 22. Qc2 Be7 23. Be3 Qc6 (23... Bf6 24. Ra1
Nxe3 25. fxe3 Qc6 26. Qa4 Qe4 27. Qa7 Kh7 $11) 24. Rb1 {
na 6 pokazywanych wariantow, Fritz 8 tego nie rozpatrywal} Nxe3 25. fxe3 g6 26.
Re1 f5 27. Ra1 {[%emt 0:00:00]} Bd8 {[%emt 0:00:00]} 28. Qe2 (28. Qd2 Bf6 29.
Qa2 Bg7 30. Rd1 Kh7 31. Qa7 g5 32. b5 Qc7) 28... Bb6 29. Kh1 Kg7 30. Qd2 (30.
Rd1 Bc7 31. Qf2 d5 32. Ra1 Qb6 33. Qh4 Bd6 $11) 30... Bc7 31. Kh2 Qb6 (31... d5
32. Kh1 Qd6 33. Ra7 Qb6 34. Ra3 Bb8 35. Qf2 Bd6 (35... Ba7 36. Nxe5 Qxe3 37.
Qxe3 Bxe3 38. Ra5 Kf6 39. Nd7+ Ke7 40. Nc5 $14 {dawalo mala przewage bialym})
36. Qd2 Bc6 $11) 32. Qe2 d5 {do tej pozycji dazylem, poswiecajac jakosc} 33. g3
{malenka niedokladnosc} (33. Kh1 Bc8 34. Ra8 Ba6 35. Qa2 Bb7 $11) 33... Qc6 $15
{0.41} 34. Qf2 Bb6 35. Rf1 Qe6 36. Qe2 Bc8 $15 {
mam juz przewage na 0.50, ale to nie gwarantuje wygranej} 37. Ng1 Qd6 38. Rd1
Bc7 39. Qd2 Bb7 (39... d4 $2 40. exd4 exd4 (40... e4 41. Ne2 {
i nie ma bicia na g3}) 41. Qxd4+ {i nie ma bicia na g3}) 40. Rf1 h5 41. h4 Bc6
{i remis na propozycje Greka.  Wyniki:  1.Spyros,L  GRE  5,5 z 6  1857  2-3.
Cirulis,I LAV  4,5       1862  Sternik,R              4,5} (41... d4 $2 42.
exd4 e4 43. Ne2 $16) 1/2-1/2

[Event "email CL-9-010 MAPEJK"]
[Site "?"]
[Date "1989.??.??"]
[Round "?"]
[White "Sternik, Ryszard"]
[Black "Colucci, John"]
[Result "1-0"]
[WhiteElo "1813"]
[BlackElo "1800"]
[Annotator "Sternik,Ryszard"]
[PlyCount "103"]
[EventDate "1989.??.??"]

1. e4 c5 2. Nf3 g6 3. d4 Bg7 4. c4 Qb6 {
Fritz 8 uwaza to za slabe, choc ten wariant jest popularny wsrod szachistow} 5.
dxc5 Qxc5 6. Be2 d6 7. O-O Bg4 ({lepsze} 7... Nc6 8. Nfd2 Qb6 9. Nb3 Qd8 $2 (
9... Qc7 $5) 10. Nc3 $1 Bxc3 $8 11. bxc3 Nf6 12. Bh6 Nxe4 $6 13. Bf3 Nc5 14.
Re1 Qc7 15. Nxc5 dxc5 16. Qd5 Be6 17. Qxc5 O-O-O 18. Rab1 Qa5 {
Jermolinski,A-Kudrin,S, Reno 2005 (1:0-28)}) 8. Be3 ({albo} 8. Qb3 Nc6 9. Nc3 (
9. Qxb7 $6 Rb8 10. Qa6 Bxb2 11. Bxb2 Rxb2 12. Nc3 Bd7 $15 {
z nieduza przewaga czarnych - 0.44}) 9... Qb4 10. Be3 Qxb3 11. axb3 Nf6 $14)
8... Qc7 $6 (8... Qb4 9. Nc3 Bxc3 10. bxc3 Qa5 11. Qb3 Nd7 12. Qxb7 Rb8 13.
Qxa7 $16) 9. Qd2 (9. Bd4 Nf6 10. Nc3 O-O 11. Rc1 Qd8 12. h3 Bxf3 13. Bxf3 Nc6
14. Be3 Nd7 15. Be2 Nc5 16. f3 a5 17. Qd2 a4 18. Rfd1 Qa5 19. Bf1 a3 20. b3
Nxb3 21. axb3 a2 22. Na4 Qxd2 23. Bxd2 Nd4 {
Arnason,-Wojtkiewcz,A, Islandia rapid GrB 2000 (0:1-83)}) 9... Nc6 10. Nc3 Nf6
11. Nd5 (11. Rac1 O-O 12. b3 Rfc8 13. h3 Bxf3 14. Bxf3 Qd8 15. Be2 Qf8 16. Bd3
Rd8 17. Bb1 e5 18. Rcd1 Ne8 19. f4 exf4 20. Bxf4 Be5 21. Be3 Nc7 22. Bg5 Re8 {
Agrest,E-Radziewicz,I, Sztokholm Rilton Cup 2000 (0:1-53)}) 11... Qd7 12. Qc2
O-O 13. Rad1 Rfc8 (13... Rac8 {wyglada na logiczniejsze} 14. Rfe1 Rfe8 15. b3
b5 16. c5 Nxd5 17. exd5 Nb4 18. Qd2 dxc5 $14 {0.31}) 14. Rfe1 Bxf3 15. Bxf3 Ne5
(15... Nxd5 16. exd5 Ne5 17. Be2 Nxc4 18. Bxc4 b5 19. Bxb5 Qxb5 20. Qe4 $11)
16. Be2 Neg4 (16... b5 17. c5 Nxd5 18. Rxd5 Qb7 19. b4 a5 20. Rb1 axb4 21. Rxb4
$14 {0.53}) 17. Bd4 Nxd5 18. exd5 b5 $2 (18... Bxd4 19. Rxd4 Nf6 20. Qd3 a5 $14
{0.62}) 19. Qe4 Bxd4 $2 (19... Nf6 20. Bxf6 exf6 (20... Bxf6 $2 21. Bg4) 21.
cxb5 f5 22. Qb1 $16 {0.75}) 20. Bxg4 f5 21. Rxd4 fxg4 22. cxb5 Rc7 23. a4 Rb8
$6 (23... Rac8 24. b4 Qf5 25. Qxg4 Rc1 26. Qe2 $18) 24. Qxg4 Qxg4 25. Rxg4 a6
$6 (25... Rbb7 26. f3 Rc2 27. Rge4 Kf8 28. Rh4 Kg7 $18) 26. b4 axb5 27. a5 Rc4
28. f3 Rxg4 29. fxg4 Kf7 30. g5 Rc8 31. Kf2 Rc4 32. Ra1 e5 (32... Rc7 {
tez nie pomaga}) 33. a6 Rc8 34. a7 Ra8 35. Ra6 Ke7 36. Kf3 Kd7 37. h4 Ke7 38.
Ke4 Kd7 39. g3 Ke7 40. Ra1 Kd7 41. Rf1 $2 (41. g4 Ke7 42. h5 Kf7 43. Ra3 Kf8
44. Ra6 Ke7 45. Ra2 Kd8 {i co dalej? nie mozna wytempowac czarnego Krola} 46.
Ra3 Kc7 47. Rf3 Rxa7 48. Rf7+ Kb6 {a jednak wytempowany} 49. hxg6 hxg6 50. Rf6
Kc7 51. Rxg6 Ra4 52. Kf5 {i wygrywa}) 41... Ke7 42. h5 Rxa7 43. hxg6 hxg6 44.
Rf6 Ra4 45. Rxg6 Rxb4+ 46. Kf5 Rb3 47. Rg7+ Kf8 48. Rb7 Rxg3 49. Rxb5 Rf3+ $2 (
49... e4 50. Rb8+ Ke7 51. Rb7+ Kf8 52. Kf6 Rf3+ 53. Ke6 e3 54. Rb8+ Kg7 55. Re8
Rf8 56. Re7+ Kg6 57. Kxd6 Rd8+ 58. Kc5 {i wygrywa}) 50. Ke6 Rg3 51. Kxd6 Rxg5
52. Ke6 {Wyniki:  1.Sternik    7  z 8 i zwyciestwo w grupie  2.Martinez 5 i 1
zalegla  3.Collucci   4 i 2 zalegle} 1-0

[Event "email op 11-002 MAPEJK"]
[Site "?"]
[Date "2006.??.??"]
[Round "?"]
[White "Sternik, Ryszard"]
[Black "Sammut, Ronald MLT"]
[Result "1/2-1/2"]
[WhiteElo "1800"]
[BlackElo "2346"]
[Annotator "Ryszard,Sternik"]
[PlyCount "51"]

1. e4 c5 2. Nf3 d6 3. d4 cxd4 4. Nxd4 Nf6 5. Nc3 a6 6. Bg5 e6 7. Qd2 Nc6 8.
O-O-O h6 9. Be3 Be7 (9... d5 $6 $146 10. exd5 exd5 11. f3 Bb4 12. a3 Bxc3 $2
13. Qxc3 Nxd4 14. Bxd4 Be6 15. g4 Rc8 16. Qd2 O-O 17. Bd3 Nd7 18. f4 Nc5 19.
Kb1 Nxd3 20. cxd3 $6 (20. Qxd3 $16) 20... Bd7 21. f5 Qg5 22. Qf2 Rfe8 23. Rhg1
Ba4 24. h4 Qe7 25. Rd2 Rc6 26. g5 h5 27. Qf3 $1 Qd7 28. g6 fxg6 29. fxg6 Rf8
30. Qxh5 {1:0 - Timoszczenko,G-Moskalenko,W, Aluszta 2 1994}) 10. f4 (10. f3
Bd7 11. g4 b5 12. h4 Nxd4 13. Bxd4 b4 14. Bxf6 Bxf6 15. Ne2 Qa5 16. Qxd6 Rd8
17. Nd4 Qxa2 18. Qxa6 b3 19. Qa3 Ra8 20. Qxb3 Qa1+ 21. Kd2 Qa5+ 22. Ke2 O-O 23.
Kf2 Rab8 24. Qe3 Rxb2 25. Bd3 Ba4 {
Klowan,J-Tukmakow,W, USRR ch tt wojsk. Lwow 1982 (0:1-32)}) 10... Nxd4 11. Bxd4
b5 12. Qe3 (12. Bd3 b4 13. Ne2 Qa5 14. Kb1 e5 15. Be3 Be6 16. b3 Rc8 $5 $146
17. Qe1 $6 (17. Ng3 $5 exf4 18. Bxf4 O-O 19. Rhf1) 17... d5 18. fxe5 $2 (18.
Ng3 $5 Bg4 19. Be2 Bxe2 20. Qxe2 exf4 21. Bxf4 dxe4 22. Nxe4 O-O $11) 18...
dxe4 $2 (18... Nxe4 $1 19. Bxe4 dxe4 20. Qg3 Rxc2 21. Nc1 Qc7 22. Qxg7 Rf8 $36)
19. Bc4 $2 (19. exf6 $1) 19... Qxe5 $6 20. Bd4 $6 Qa5 21. Bxe6 fxe6 22. c4 bxc3
23. Bxc3 Qc7 $36 24. Rc1 Qd7 {
Rodin,M-Achmadiejew,W, Rosja Cup03 mem Geller 1999 (0:1-35) - Gohstein,L})
12... Bb7 13. Bxf6 Bxf6 (13... gxf6 14. Bd3 Qa5 15. Kb1 b4 16. Ne2 Qc5 17. Nd4
h5 18. Qe2 a5 19. Bb5+ Kf8 20. Bc4 Qb6 21. g4 $1 $146 hxg4 22. Qxg4 f5 23.
Nxe6+ $3 fxe6 24. Qg6 Qc7 25. Qxe6 $1 Ke8 26. Rhg1 Bxe4 27. Rg7 Kd8 28. Rxe7 $1
Qxe7 29. Rxd6+ Qxd6 30. Qxd6+ Ke8 31. Qe5+ {
1:0 - Adams,M-Sierpier,G, New York CITS 1996}) 14. e5 Be7 15. exd6 Bxd6 16. Ne4
Bxe4 17. Qxe4 O-O 18. Bd3 g6 19. g4 (19. h4 Qf6 20. Rdf1 h5 21. g4 hxg4 22. h5
Qf5 (22... Ra7 23. Kb1 Bc5 24. hxg6 fxg6 25. Qc6 Qe7 26. Rh6 Qd6 27. Rxg6+ Rg7
28. Qe4 Bd4 29. Rxg7+ Bxg7 30. Qh7+ Kf7 31. Qg6+ {
1:0 - Kowalew,A-Lagunow,S, Berliner Sommer 1993}) 23. Qg2 Bxf4+ 24. Kb1 Qe5 25.
hxg6 f5 26. Rxf4 Qg7 27. Rxf5 {1:0 - Kowalew,A-Sjoberg,M, Ostende 1991}) 19...
Qa5 20. Kb1 Qb4 21. Qxb4 Bxb4 22. f5 Kg7 (22... gxf5 23. gxf5 Bc5 24. Rhf1 Rad8
25. Rf3 e5 $11) 23. Rhf1 exf5 {[%emt 0:00:00]} 24. gxf5 {[%emt 0:00:04]} Rfd8
25. c4 bxc4 26. Bxc4 {Dawno nie gralem z przeciwnikiem o tak wysokim rankingu.
Dzieki duzej bazie, moglem z nim zremisowac.  Zakonczylem turniej z 6,5 pkt,
Sammut mial 8 z 9 (kwiecien 2007).   Decydujace ma tu znaczenie partia Sammuta
z Pechem o zwyciestwo - Pech (2090) 7 z 7.} 1/2-1/2

[Event "email op 15-005 MAPEJK (Sternik,R)"]
[Site "?"]
[Date "2007.??.??"]
[Round "?"]
[White "Sternik, Ryszard"]
[Black "Merighi, Ernesto BRS"]
[Result "1-0"]
[WhiteElo "1800"]
[BlackElo "1833"]
[PlyCount "66"]

1. e4 e5 2. f4 exf4 3. Nf3 g5 4. h4 g4 5. Ne5 Qe7 (5... Nf6 6. d4 d6 7. Nd3 Nc6
8. c3 Nxe4 9. Bxf4 d5 10. Nd2 Bd6 11. Ne5 O-O 12. Nxe4 dxe4 13. Qc2 Qf6 14. Bg5
Qf5 15. Nxc6 Bg3+ 16. Kd1 bxc6 17. Bc4 Bf2 18. Qe2 Be6 19. Rf1 g3 20. Be3 c5 {
Fiedorow,A-Iwanczuk,W, Corus it 2001 (0:1-34)}) 6. d4 Nf6 (6... d6 7. Nxg4
Qxe4+ 8. Qe2 Qe7 9. Nf2 Bh6 10. Nd3 Nc6 11. c3 Bg4 12. Qxe7+ Ngxe7 13. Bxf4
O-O-O 14. Bxh6 {1:0 - Krzyzanowski,A-Orzechowski, corr ch 45 Polska 2002}) 7.
Bc4 Bg7 8. Nc3 d6 9. Nxf7 Rf8 10. Bxf4 (10. O-O Rxf7 11. Bxf7+ Qxf7 12. Bxf4
Qc4 13. e5 Nh5 14. exd6 Bxd4+ 15. Kh1 Bxc3 16. bxc3 Nxf4 17. Rxf4 Qxf4 18. Qe2+
Kf8 19. Rf1 Qxf1+ 20. Qxf1+ Kg7 21. Qe2 Nc6 22. dxc7 Bf5 23. Qb5 Bc8 24. Qd5
Ne7 25. Qe5+ Kf7 26. Qh8 Ke6 {
Di Marino,M-Windels,L, corr email-H-053 2001 (1:0-83)}) 10... d5 11. Nxd5 Qxe4+
(11... Nxd5 12. Bxd5 Rxf7 13. Bxf7+ Kxf7 14. Qd3 Kg8 15. O-O-O Nc6 $16 {0.90})
12. Kf2 Qxd5 {wlasciwie wymuszone} (12... Nxd5 13. Re1 Qxe1+ 14. Qxe1+ Ne7 15.
Be5 $18 {z latwa wygrana}) 13. Bxd5 Nxd5 14. Re1+ Kxf7 15. Be5 $14 {
0.60 - niewielka przewaga} Kg8+ $6 {slabe} (15... Bxe5 16. dxe5 Kg8+ 17. Kg3
Be6 18. Qd2 Nc6 19. Rf1 $14 {
trzy lekkie figury za Hetmana i wlasciwie jeszcze mozna sie bronic}) 16. Kg1
Nf6 17. c3 Nc6 18. Bxc7 Rf7 19. Qb3 b6 20. Bg3 Bd7 21. Re2 ({silniejsze, ale
jak wiadomo wszystkie drogi prowadza do Rzymu, ale nie w szachach!} 21. Rf1)
21... Na5 22. Qc2 Nh5 23. Be5 Bf5 24. Qd2 Nc4 25. Qg5 Bd3 26. Qxh5 Bxe2 27.
Bxg7 Kxg7 (27... Rxg7 $4 28. Qd5+ Kh8 29. Qxa8+ {i tylko zlozyc bron}) 28. b3
Raf8 29. Qg5+ Kh8 30. bxc4 Rf5 31. Qe7 Bxc4 32. Qc7 Bd3 33. Re1 a6 {wreszcie cz
arne zauwazyly, ze nie maja szans.  Mialem 9,5 z 13 i jedna zalegla - +7  =5 
-1  Turniej przerwany.} 1-0

[Event "email op 15-005 MAPEJK (Sternik,R)"]
[Site "?"]
[Date "2007.??.??"]
[Round "?"]
[White "Sternik, Ryszard"]
[Black "Sofia, Gerardo ARG"]
[Result "1-0"]
[WhiteElo "1800"]
[BlackElo "1800"]
[PlyCount "85"]

1. e4 e6 2. Qe2 Be7 {moim zdaniem zbyt pasywne} 3. Nf3 (3. f4 d5 4. d3 c5 5. c3
Nc6 6. Nf3 Nf6 7. e5 Ng4 8. g3 Nh6 9. Be3 Nf5 10. Bf2 h5 11. h3 b6 12. Bg2 Bb7
13. Na3 d4 14. c4 Qd7 15. O-O g6 16. Nc2 Kf8 17. Nd2 Kg7 18. Ne4 Rag8 19. a3 a5
20. b3 Kf8 21. Rab1 Qc7 {Dergaczow,A-Wunder,A, Czigorin,M mem 2004 (remis-36)})
3... b6 (3... d5 4. d3 Nf6 5. e5 Nfd7 6. g3 c5 7. Bg2 b5 8. O-O Nc6 9. h4 a5
10. a4 bxa4 11. Rxa4 c4 12. d4 c3 $5 13. Nxc3 Ba6 14. Qd1 Bxf1 15. Bxf1 h6 16.
Nh2 $5 Rb8 {Zwiagincew,W-Riazancew,A. Rosja 58 ch sf 2005 (1:0-38)}) 4. g3 Bb7
(4... Nf6 5. Bg2 d5 6. e5 Nfd7 7. h4 a5 8. d3 b5 9. Bg5 c5 {pragne zwrocic
uwage na podobne ustawienie pionow jak w partii Zwiagincew-Riazancew} 10. O-O
Nc6 11. Re1 Ba6 12. Nbd2 Qc7 13. Nf1 b4 14. Ne3 Nb6 15. Bf4 Nd4 16. Nxd4 cxd4
17. Nxd5 Nxd5 18. Bxd5 Rc8 19. Rac1 exd5 20. e6 Qd8 21. exf7+ Kf8 {
Tapakian,R-Angerer,H, Austria ch tt 2 Liga W 1996 (0:1-33)}) 5. Bg2 d5 (5... d6
6. c4 Nf6 7. Nc3 O-O 8. O-O Nbd7 9. d4 d5 10. e5 Ne4 11. cxd5 exd5 12. Bf4 c5
13. Rfd1 cxd4 14. Nxe4 dxe4 15. Nxd4 g5 16. Nf5 Kh8 17. Qg4 Bc8 18. Bxe4 Rb8
19. e6 fxe6 20. Bxb8 exf5 21. Bxf5 Bc5 22. b4 Nf6 23. Rxd8 Bxf2+ 24. Kg2 Bb7+
25. Kh3 Rxd8 26. Be5 {1:0 - Kuporosow,W-Stock,J, Seefeld op 1996}) 6. exd5 Bxd5
7. Nc3 Bb7 8. d3 Nc6 9. Be3 Nf6 10. O-O-O O-O 11. h4 {i jak zawsze w tego
rodzaju pozycjach - rozne roszady - czyj atak bedzie silniejszy} Nd5 12. Bd2
Nxc3 ({ja bym zagral} 12... Nd4 {i po ewentualnym} 13. Nxd4 Nxc3 14. Bxc3 Bxg2
{pod kontrola bylaby diagonala h1-a8} 15. Rhe1 Bf6 $11) 13. Bxc3 Nb4 14. Kb1 a5
15. a3 ({albo} 15. Qe5 Bf6 16. Qh5 g6 (16... h6 17. Bxf6 Qxf6 18. a3 Nd5 19.
Qe5 b5 $11) 17. Bxf6 Qxf6 18. Qg5 Qxg5 19. hxg5 $11) 15... Nd5 16. Bd2 b5 17.
c4 bxc4 18. dxc4 Nf6 19. Bc3 Qb8 20. Ka1 (20. h5 h6 21. Ka1 a4 22. g4 Ra6 (
22... Nxg4 {ryzykowne} 23. Rhg1 {i atak na g7}) 23. Rhg1 Ne4 {
z troche lepsza pozycja czarnych}) 20... Ne4 21. Bd4 Rd8 22. h5 h6 23. Ne5 Rxd4
$5 {moj partner liczy na inicjatywe} 24. Rxd4 Nc5 25. Bxb7 Nb3+ 26. Ka2 Nxd4
27. Qe4 Ra7 28. Qxd4 Rxb7 {z troche lepsza pozycja czarnych} 29. Nc6 $1 {
i chyba nie wzial tego posuniecia pod uwage} Bc5 30. Qe5 (30. Qxc5 $4 Rxb2+ {
z matem}) 30... Bd6 31. Qc3 Qe8 32. Nxa5 Ra7 33. b4 c5 $6 {
uderzenie niby celowe, ale nie jest silne} (33... Be7 34. Qf3 Qa4 35. Qb3 Qe8
$11 {z rowna gra}) 34. b5 $1 {
mam wrazenie, ze partner nie docenil sily tego posuniecia} Bc7 35. Nc6 Ra8 (
35... Ra4 36. Rd1 Kh8 37. Qe3 {i biale powinny wygrac}) 36. g4 (36. Rd1 {
zajecie linii bylo jednak lepsze} Bb6 37. Qd3 f6 38. g4 $18 {z duza przewaga})
36... Qd7 37. Qf3 (37. g5 {to bylo zdecydowanie silniejsze} hxg5 38. h6 f6 39.
hxg7 Qxg7 40. Qe3 Re8 {z latwa wygrana}) 37... Qd2+ $6 (37... Kh8 $5 {
tez nie pomagalo}) 38. Kb3 Kf8 $2 (38... Rf8) 39. Rd1 Qf4 40. Qxf4 Bxf4 41. Rd7
Ke8 42. Re7+ Kf8 43. a4 {Turniej niedokonczony - mialem 9,5 z 13  +7  =5  -1}
1-0

[Event "emal CL-9-002-34 MAPEJK"]
[Site "?"]
[Date "2008.??.??"]
[Round "?"]
[White "Sternik, Ryszard"]
[Black "Pivirotto, Filiberto ITA"]
[Result "1-0"]
[WhiteElo "1800"]
[BlackElo "1800"]
[Annotator "Sternik,Ryszard"]
[PlyCount "127"]

1. e4 e6 2. Qe2 Be7 3. Nf3 d5 4. d3 Nf6 5. g3 c5 (5... b5 6. Bg2 dxe4 7. dxe4
b4 8. Nbd2 Ba6 9. Nc4 O-O 10. O-O Nc6 11. e5 Nd5 12. Qe4 Qc8 13. Re1 Qb7 14. h4
Qb5 15. Bf1 Qc5 16. Bd3 g6 17. Bh6 Rfd8 18. h5 Na5 19. Qg4 Bxc4 20. hxg6 fxg6
21. Bxg6 Bf8 22. Bxh7+ Kxh7 23. Bxf8 Qxf8 24. Ng5+ Kh6 25. Kg2 {
1:0 - Rabiega,R-Seifert,V, Dresden op ZDM  2002}) 6. Bg2 Nc6 7. O-O O-O 8. h3 (
8. e5 Nd7 9. c4 Nb6 10. h4 Bd7 11. Bf4 Nd4 12. Nxd4 cxd4 13. Nd2 Bc6 14. Rad1
dxc4 15. dxc4 d3 16. Qg4 Qd4 17. b3 Bxg2 18. Kxg2 Rfd8 19. Nf3 Qe4 20. Rfe1 Qc6
21. Re3 a5 22. Rexd3 Qe4 23. Rd4 Qe2 24. Bh6 {
1:0 - Glek,I-Wyss,T, Valle ds'Aosta 10 2002}) (8. e5 Nd7 9. c4 Re8 10. Re1 Nf8
11. h4 b6 12. Nc3 Bb7 13. b3 Qd7 14. Bb2 Rad8 15. Rad1 a6 16. d4 Na5 17. dxc5
bxc5 18. Ng5 d4 19. Nce4 h6 20. Qh5 hxg5 21. hxg5 g6 22. Qh4 Bxe4 23. Bxe4 Nh7
24. f4 Bf8 25. Kg2 Bg7 26. Rh1 Nf8 27. Qg4 Nc6 28. Rh4 Ne7 29. Bc1 Nf5 30. Rh3
Qc7 31. Rdh1 d3 {Bronstein,D-Plaskett,J, Voviedo rapid 1993 (1:0-61)}) 8...
dxe4 9. dxe4 e5 10. c3 Be6 11. Rd1 Qc8 12. Ng5 Bd7 13. Kh2 (13. f4 $2 {
proba ataku tylko oslabia skrzydlo krolewskie} h6 14. fxe5 Nxe5 15. Nf3 Nxf3+
16. Bxf3 Bxh3 17. e5 Ng4 $17) 13... Qc7 14. Qc2 b6 15. Be3 h6 16. Nf3 Na5 17.
Nbd2 Nh7 (17... c4 18. Nh4 Bc5 19. Nf5 Bxf5 20. exf5 Bxe3 21. fxe3 Rad8 $11)
18. Ne1 Bg5 19. Nf1 Bb5 20. Bxg5 Nxg5 21. Ne3 f6 $2 (21... Bc6 22. f3 Rad8 23.
Nd3 a6 24. Rab1 Rfe8 $11) 22. b3 ({lepsze} 22. Nd5 Qf7 23. f4 Ne6 24. fxe5 fxe5
25. Nf3 Nc6 26. Rd2 $16) 22... Nb7 23. Nd5 Qf7 24. f4 exf4 25. gxf4 Ne6 26. f5
Nc7 27. Nf4 $16 Rab8 28. Bf3 ({albo} 28. a4 Ba6 29. c4 Na5 30. Bf3 Qe8 31. Ng6
Rf7 32. Bh5 $14 {0.53}) 28... Rfd8 29. Bh5 Qe7 30. Ng6 Qe8 31. Nf3 Rxd1 (31...
Qf7 32. a4 Be8 33. Rg1 $16 {0.82}) 32. Rxd1 Rd8 33. e5 Rxd1 34. Qxd1 fxe5 $6 (
34... Bc6 35. Qd3 Qd8 36. Qc4+ Bd5 37. Qh4 $16 {
0.75 - mozna bylo jeszcze sie bronic}) 35. c4 $16 {1.15} Qd7 36. Nfxe5 Qxd1 37.
Bxd1 Be8 38. Ne7+ Kf8 39. Nc8 Na6 40. a3 $16 {1.25} (40. Bf3 Na5 41. Nxa7 Nb4
42. a3 Nc2 43. b4 cxb4 44. axb4 Nxb4 45. Nc8 $16 {0.88}) 40... Nb8 41. Nxa7 Nd6
42. Bc2 Nd7 43. Nac6 b5 44. Kg3 Nxe5 45. Nxe5 Ke7 46. Kf4 bxc4 47. bxc4 {
wolny pion "a" decyduje} Nb7 48. Be4 Na5 49. Bd5 Kd6 50. Ng4 Bb5 51. Ne3 Ba6
52. h4 Ke7 (52... Bb7 53. Bxb7 Nxb7 54. Nf1 Na5 55. Nd2 {
i czarny Krol musi ustapic, reszta to kwestia techniki}) 53. Ke5 Nb3 54. Be6
Nd4 55. h5 Bb7 56. Nd5+ Bxd5 57. Kxd5 Nb3 58. a4 Kf6 59. Kc6 Ke7 60. Kb6 Kd6
61. a5 Nd4 62. a6 Nc6 63. Bd5 Ne7 64. Bb7 {Wyniki:  1.Svrsek,J  CZE    6   z 8
2.Pech,J CZE        5,5  3.Sternik,R             5     (+3  =4   -1)} 1-0